<?xml version="1.0" encoding="UTF-8"?><?xml-stylesheet type="text/xsl" href="static/style.xsl"?><OAI-PMH xmlns="http://www.openarchives.org/OAI/2.0/" xmlns:xsi="http://www.w3.org/2001/XMLSchema-instance" xsi:schemaLocation="http://www.openarchives.org/OAI/2.0/ http://www.openarchives.org/OAI/2.0/OAI-PMH.xsd"><responseDate>2026-04-13T02:07:32Z</responseDate><request verb="GetRecord" identifier="oai:www.recercat.cat:2072/262881" metadataPrefix="marc">https://recercat.cat/oai/request</request><GetRecord><record><header><identifier>oai:recercat.cat:2072/262881</identifier><datestamp>2024-12-21T22:06:53Z</datestamp><setSpec>com_2072_220028</setSpec><setSpec>com_2072_4427</setSpec><setSpec>col_2072_220405</setSpec></header><metadata><record xmlns="http://www.loc.gov/MARC21/slim" xmlns:dcterms="http://purl.org/dc/terms/" xmlns:xsi="http://www.w3.org/2001/XMLSchema-instance" xmlns:doc="http://www.lyncode.com/xoai" xsi:schemaLocation="http://www.loc.gov/MARC21/slim http://www.loc.gov/standards/marcxml/schema/MARC21slim.xsd">
   <leader>00925njm 22002777a 4500</leader>
   <datafield ind2=" " ind1=" " tag="042">
      <subfield code="a">dc</subfield>
   </datafield>
   <datafield ind2=" " ind1=" " tag="720">
      <subfield code="a">Palet i Martínez, Josep M.</subfield>
      <subfield code="e">author</subfield>
   </datafield>
   <datafield ind2=" " ind1=" " tag="720">
      <subfield code="a">Julià Brugués, Ramón</subfield>
      <subfield code="e">author</subfield>
   </datafield>
   <datafield ind2=" " ind1=" " tag="720">
      <subfield code="a">Riera i Mora, Santiago</subfield>
      <subfield code="e">author</subfield>
   </datafield>
   <datafield ind2=" " ind1=" " tag="720">
      <subfield code="a">Orengo Romeu, Hector A.</subfield>
      <subfield code="e">author</subfield>
   </datafield>
   <datafield ind2=" " ind1=" " tag="720">
      <subfield code="a">Picornell Gelabert, Llorenç</subfield>
      <subfield code="e">author</subfield>
   </datafield>
   <datafield ind2=" " ind1=" " tag="720">
      <subfield code="a">Llergo, Yolanda</subfield>
      <subfield code="e">author</subfield>
   </datafield>
   <datafield ind2=" " ind1=" " tag="260">
      <subfield code="c">2012</subfield>
   </datafield>
   <datafield ind2=" " ind1=" " tag="520">
      <subfield code="a">A multidisciplinary (historical, archaeomorphological, archaeological, palaeobotanical, and sedimentary) and multi-scale study was carried out to gain a better understanding of the long term landscape shaping of the Montjuïc promontory as a result of land use and palaeoenvironmental changes. Evidence suggests that, especially the southern slope of the promontory, was cultivated and used for grain storage during the Iberian Iron Age period. The presence of a Roman quarry, probably related to the foundation of Barcino, was also confirmed. Despite the prevalence of agriculture during the Roman period, pollen studies suggest that there were no significant changes in the plain of Barcelona.</subfield>
   </datafield>
   <datafield ind2=" " ind1=" " tag="520">
      <subfield code="a">Des recherches pluridisciplinaires et multi-échelle comprenant des études archéomorphologiques, historiques, archéologiques, paléobotaniques et sédimentologiques ont été réalisées sur la colline de Montjuïc (Barcelone) et ses environs. L’objectif principal était de comprendre les formes du paysage sur la longue durée en relation avec l’exploitation du sol et les dynamiques paléoenvironnementales. Durant la période ibérique, une intense activité agricole et de stockage dans des silos est bien attestée, notamment sur le versant sud de la montagne. Une carrière romaine, probablement liée à la fondation de Barcino, est également attestée. Le caractère agraire de Montjuïc est maintenu pendant la période romaine, mais les études palynologiques montrent, pour cette période, l’absence de changements paysagers majeurs dans la plaine de Barcelone.</subfield>
   </datafield>
   <datafield ind1="8" ind2=" " tag="024">
      <subfield code="a">Palet, J.M.; Julià, R.; Riera, S.; Orengo, H.A.; Picornell, Ll.; Llergo, Y. (2012) «The role of the Montjuïc promontory (Barcelona) in landscape change: human impact during roman times», Variabilités environnementales, mutations sociales : natures, intensités, échelles et temporalités des changements. Actes des XXXIIe Rencontres internationales d'archéologie et d'histoire d'Antibes. (Antibes, 20-22 d'octubre de 2011), p. 323-334.</subfield>
   </datafield>
   <datafield ind1="8" ind2=" " tag="024">
      <subfield code="a">http://hdl.handle.net/2072/262881</subfield>
   </datafield>
   <datafield ind2="0" ind1="0" tag="245">
      <subfield code="a">The role of the Montjuïc promontory (Barcelona) in landscape change: human impact during roman times</subfield>
   </datafield>
</record></metadata></record></GetRecord></OAI-PMH>